000 00797nam a2200241Ia 4500
003 OSt
005 20240829162706.0
008 220927b |||||||| |||| 00| 0 eng d
020 _cINR 849.00
037 _b054, 14/03/2017, Excel Book International
_cTextual
040 _aSDCL
_cSDCL
_beng
041 _2eng
_aeng
082 _aD6,8(B),22 Q3
100 _aElmasri, Ramez
_9395115
245 0 _aDatabase systems
_bmodels, language, design and application programming
250 _a6th
260 _aNew Delhi
_bPearson
_c2013
300 _axxiii,1214p.
650 _aI I C
700 _a Navathe Shamkant B.
_9395116
942 _hD6,8(B),22 Q3
_cTEXL
_2CC
999 _c788839
_d788839